Filmographie M. Night Shyamalan - Statistiques

Statistiques générales
  • Ce quiz a été pris 48 fois
  • Le résultat moyen est 9 sur 16
Statistiques - réponses
Année Films % Correct
2000 Incassable
90%
2017 Split
90%
1999 Sixième Sens
88%
2004 Le Village
85%
2002 Signes
78%
2019 Glass
73%
2024 Trap
68%
2021 Old
65%
2023 Knock at the Cabin
60%
2015 The Visit
45%
2006 La Jeune Fille de l'eau
43%
2008 Phénomènes
43%
2013 After Earth
38%
2010 Le Dernier Maître de l'air
35%
1998 Éveil à la vie
20%
1992 Praying with Anger
15%
Aucun quiz correspondant
Distribution des résultats
% des personnes avec chaque résultat
Percentile par nombre de réponses
Votre historique - résultats
Vous n’avez pas pris ce quiz